Statistiken für Alle deutschen Rekordmeister in der Historie des Fußballs

Klicken Sie hier um das Quiz zu spielen!

Allgemein

  • Dieses Quiz wurde 509 mal gespielt
  • Das Durchschnittsergebnis liegt bei 3 aus 6

Antwortstatistiken

ZeitraumAnzahl MeisterschaftenVerein% Korrekt
1986-aktuell9-33FC Bayern München
100%
1924-19863-91.FC Nürnberg
64%
1942-1948 &
1958-1960
6-7FC Schalke 04
62%
1903-19241-3VfB Leipzig
23%
1911-19122Viktoria 89 Berlin
8%
19051Union 92 Berlin
7%

Verteilung der Resultate

Perzentil nach korrekt beantworteten Fragen

Anzahl Personen mit jedem Resultat

Ihre Resultats-Entwicklung

Sie haben dieses Quiz noch nicht gespielt